Dare to be different (Record no. 80011)

MARC details
000 -LEADER
fixed length control field 00878cab a22002055a 4500
001 - CONTROL NUMBER
control field L143004
008 - FIXED-LENGTH DATA ELEMENTS--GENERAL INFORMATION
fixed length control field 080401e20080320xxkao f 000 0 eng d
035 ## - SYSTEM CONTROL NUMBER
System control number (Sirsi) u143004
041 0# - LANGUAGE CODE
Language code of text/sound track or separate title eng
100 1# - MAIN ENTRY--PERSONAL NAME
Personal name Spring, Martin
245 00 - TITLE STATEMENT
Title Dare to be different
260 ## - PUBLICATION, DISTRIBUTION, ETC.
Date of publication, distribution, etc. 2008
490 #0 - SERIES STATEMENT
Series statement Building
Volume/sequential designation 273(8520) 20 March 2008, 46-51(6)
520 ## - SUMMARY, ETC.
Summary, etc. Reports on the £300m Elm Park scheme in Dublin, which combines high-density with low-energy. The mixed-use scheme brings together a hotel and private hospital, 28 500m2 of high-grade office space and 400 luxury apartments. Focuses on the green credentials of the scheme, such as the wind-powered ventilation and solar-powered heating in the three office blocks.
590 ## - LOCAL NOTE (RLIN)
Local note KA
651 #4 - SUBJECT ADDED ENTRY--GEOGRAPHIC NAME
Geographic name United Kingdom
Chronological subdivision
690 ## - LOCAL SUBJECT ADDED ENTRY--TOPICAL TERM (OCLC, RLIN)
Topical term or geographic name as entry element BUILT ENVIRONMENT-SUSTAINABLE CONSTRUCTION
690 ## - LOCAL SUBJECT ADDED ENTRY--TOPICAL TERM (OCLC, RLIN)
Topical term or geographic name as entry element Project management
9 (RLIN) 6261
942 ## - ADDED ENTRY ELEMENTS (KOHA)
Suppress in OPAC 0
Holdings
Withdrawn status Lost status Source of classification or shelving scheme Damaged status Not for loan Home library Current library Shelving location Date acquired Total Checkouts Full call number Barcode Date last seen Copy number Price effective from Koha item type
    Dewey Decimal Classification     London London Journal article 01/04/2008   L143004 143004-1001 06/08/2019 1 06/08/2019 Journal article